000 00584nam a2200205 a 4500
999 _c2306
_d2306
001 2306
003 BD-JhCC
005 20180304103130.0
008 171101s1980 bg ||||| ||a| 00| 0 en d
035 _a(BD-JhCC)2306
040 _aBD-JhCC
_dBD-JhCC
041 _aben
082 _a297.122531
_bKHA 1980
100 _aখান, মুহিউদ্দিন
245 _aপবিত্র কোরআনের সার-সংক্ষেপ /
_cমুহিউদ্দিন খান
300 _a120 p. :
_c18 cm.
650 _aQuran
942 _2ddc
_cBK